000 00240nam a22000977a 4500
003 SGT
245 _aINTERNATIONAL JOURNAL OF MECHANICS AND SOLID
260 _aDELHI
_bRIP RESEARCH INDIA PUBLICATIONS
_c2013
300 _a167
942 _2ddc
_cBV
999 _c20249
_d20249